5HLuxD.jpg

KING HENRY VIII SENIOR AND PRIMARY SCHOOL LIBRARY OPAC

Song of the buffalo boy / (Record no. 52)

000 -LEADER
fixed length control field 01234cam a2200289 a 4500
001 - CONTROL NUMBER
control field 3022707
003 - CONTROL NUMBER IDENTIFIER
control field OSt
005 - DATE AND TIME OF LATEST TRANSACTION
control field 20190724140707.0
008 - FIXED-LENGTH DATA ELEMENTS--GENERAL INFORMATION
fixed length control field 940524s1994 cau j 000 1 eng
010 ## - LIBRARY OF CONGRESS CONTROL NUMBER
LC control number 94163197
020 ## - INTERNATIONAL STANDARD BOOK NUMBER
International Standard Book Number 9780152000981
040 ## - CATALOGING SOURCE
Original cataloging agency DLC
Transcribing agency DLC
Modifying agency KH8
042 ## - AUTHENTICATION CODE
Authentication code lcac
082 00 - DEWEY DECIMAL CLASSIFICATION NUMBER
Classification number FIC GAR
Edition number 20
100 1# - MAIN ENTRY--PERSONAL NAME
Personal name Garland, Sherry.
Relator term author
245 10 - TITLE STATEMENT
Title Song of the buffalo boy /
Statement of responsibility, etc. Sherry Garland.
260 ## - PUBLICATION, DISTRIBUTION, ETC.
Place of publication, distribution, etc. San Diego :
Name of publisher, distributor, etc. Harcourt Brace Jovanovich,
Date of publication, distribution, etc. 1994.
300 ## - PHYSICAL DESCRIPTION
Extent 282 p. ;
Dimensions 18 cm.
520 ## - SUMMARY, ETC.
Summary, etc. Shunned and mistreated because of her mixed heritage, and determined to avoid an arranged marriage, seventeen-year-old Loi runs away to Ho Chi Minh City with the hope that she and the boy she loves will be able to go to the United States to find her American father.
650 #1 - SUBJECT ADDED ENTRY--TOPICAL TERM
Topical term or geographic name entry element Amerasians
General subdivision Fiction.
651 #1 - SUBJECT ADDED ENTRY--GEOGRAPHIC NAME
Geographic name Vietnam
General subdivision Fiction.
856 42 - ELECTRONIC LOCATION AND ACCESS
Materials specified Publisher description
Uniform Resource Identifier <a href="http://www.loc.gov/catdir/description/har041/94163197.html">http://www.loc.gov/catdir/description/har041/94163197.html</a>
856 42 - ELECTRONIC LOCATION AND ACCESS
Materials specified Contributor biographical information
Uniform Resource Identifier <a href="http://www.loc.gov/catdir/enhancements/fy0904/94163197-b.html">http://www.loc.gov/catdir/enhancements/fy0904/94163197-b.html</a>
906 ## - LOCAL DATA ELEMENT F, LDF (RLIN)
a 7
b cbc
c orignew
d 2
e ncip
f 19
g y-gencatlg
942 ## - ADDED ENTRY ELEMENTS (KOHA)
Source of classification or shelving scheme
Koha item type Books - Fiction
Holdings
Withdrawn status Lost status Source of classification or shelving scheme Damaged status Not for loan Collection code Permanent Location Current Location Shelving location Date acquired Total Checkouts Total Renewals Full call number Barcode Date last seen Date last checked out Price effective from Koha item type
          Fiction KH8 Senior School Library KH8 Senior School Library Fiction 2019-07-24 2 1 FIC GAR 3KHSL000101194 2024-07-16 2019-12-06 2019-07-24 Books - Fiction

Powered By KH8 IT Dept